| 000 | 00560 a2200181 4500 | ||
|---|---|---|---|
| 999 |
_c2230 _d2230 |
||
| 020 | _a9781446248614 | ||
| 020 | _a9781446248621 | ||
| 050 | 0 | 0 | _aHF 5414 FRE 2015 |
| 100 | 1 |
_aFrench, Jeff, _eauthor. |
|
| 245 | 1 | 0 |
_aStrategic social marketing : _cJeff French & Ross Gordon. |
| 264 | 1 |
_aLondon : _bSAGE Publications Ltd, _c2015 |
|
| 300 |
_axvii, 429p. : _bill. |
||
| 500 | _aincludes index | ||
| 504 | _aIncludes bibliographical references | ||
| 650 | 0 | _aSocial marketing. | |
| 700 | 1 |
_aGordon, Ross _c(Lecturer in marketing) |
|
| 942 |
_2lcc _cBK _h5414 _iFRE _kHF |
||